แบบทดสอบความรู้ทั่วไป #7 - Statistics

General Stats
  • This quiz has been taken 24 times
  • The average score is 3 of 10
Answer Stats
คำถาม คำตอบ % Correct
ทองเหลืองเป็นโลหะผสมระหว่างทองแดงกับ ... ธาตุใด สังกะสี
68%
ใครคือเอกอัครราชทูตสยามคนแรกที่เดินทางไปเจริญสัมพันธไมตรีกับฝรั่งเศสในสมัยสมเด็จพระนารายณ์มหาราช เจ้าพระยาโกษาธิบดี (ปาน)
41%
ราชาเพลงลูกทุ่งที่มีเพลงดังอย่าง "น้ำตาจ่าโท" และ "ยอดรักจากใจ" คือใคร สุรพล สมบัติเจริญ
32%
โครงการชลประทานขนาดใหญ่ที่สร้างกั้นแม่น้ำเพชรบุรีเพื่อกักเก็บน้ำคือเขื่อนใด เขื่อนแก่งกระจาน
27%
โจนาส ซอล์ก (Jonas Salk) เป็นผู้ค้นคิดวัคซีนป้องกันโรคใด โปลิโอ
23%
ห้างสรรพสินค้า "เมอร์รี่คิงส์" สาขาแรกในไทย คือสาขาใด วังบูรพา
23%
ระยะการยิงมาตรฐานสำหรับการแข่งขันยิงธนูในร่มคือกี่เมตร 18
23%
พื้นผิวที่อยู่ระหว่างชั้นเปลือกโลกกับชั้นเนื้อโลกมีชื่อเรียกว่าอะไร ซึ่งถูกตั้งชื่อตามนักวิทยาศาสตร์ชาวสลาฟที่ศึกษาแผ่นดินไหว Mohorovicic Discontinuity
14%
Gilbert Grosvenor, William Longley และ Charles Martin 3 บุคคลนี้เกี่ยวข้องกับนิตยสารใด National Geographic
14%
เพลงเปิดตัว "Cult of Personality" เป็นของนักมวยปล้ำคนใด CM Punk
5%
No matching quizzes found
Score Distribution
Percent of People with Each Score
Percentile by Number Answered
Your Score History
You have not taken this quiz